000 00413nam a2200121Ia 4500
008 220204s9999 xx 000 0 und d
082 _a631.17(5-13)
_bABD
100 _aAbdullah, Mohammad
245 0 _aRegional workshop of experts in SAARC countries on transfer of technology in agriculture, November 2-5, 1998
260 _aBangladesh
_bSAARC Agricultural Information Centre(SAIC
490 _a1999
942 _cBK
999 _c43910
_d43910